000 01001nam a2200217Ia 4500
999 _c38771
_d38771
001 5120
003 GE_BSU
005 20190520161153.0
008 181216s1985||||ge |||||||||||||| ||geo||
040 _cGE_BSU
041 _ageo
080 _a628.14 ღ-76
100 _aღოღობერიძე, მ.
_9787
245 _aწყალსადენის ქსელი და მისი ნაგებობანი :
_bლექციების კონსპექტი. /
_cმ. ღოღობერიძე, ქ. ქუთათელაძე ; რედ. მ. ძიძიგური.
264 _aთბილისი :
_bსპი,
_c1985.
300 _a75 გვ.;
_c20 სმ.
653 _aწყალსადენის ქსელი და მისი ნაგებობანი
700 _aქუთათელაძე, ქ.
_eავტორი
_9761
700 _aძიძიგური, მ.
_eრედაქტორი
_9472
942 _cBK
_2udc